[Event "WC-2021-T-00003"]
[Site "LSS email"]
[Date "2021.10.23"]
[Round "?"]
[White "Koch, Christian"]
[Black "Steinke, Ruediger"]
[Result "1/2-1/2"]
[WhiteElo "2360"]
[BlackElo "2422"]
[PlyCount "40"]
[EventDate "2021.10.23"]
[EventType "tourn (corr)"]
[EventRounds "10"]
[EventCountry "GER"]
[SourceTitle "Corr 2024"]
[Source "ChessBase"]
[SourceDate "2023.10.19"]
[SourceVersion "1"]
[SourceVersionDate "2023.10.19"]
[SourceQuality "1"]

1. d4 d5 2. Nf3 Nf6 3. c4 e6 4. Nc3 c6 5. Bg5 h6 6. Bxf6 Qxf6 7. e3 Nd7 8. Be2 dxc4 9. 0-0 Bd6 10. Nd2 Bc7 11. Nxc4 0-0 12. Rc1 Rd8 13. Qc2 Qe7 14. g3 Nf6 15. Ne5 Bd7 16. Na4 Be8 17. Nc5 Bd6 18. Ncd3 Nd7 19. Rfd1 Nxe5 20. dxe5 Bc7 1/2-1/2

[Event "WC-2021-T-00003"]
[Site "LSS email"]
[Date "2021.10.23"]
[Round "?"]
[White "Tsygankov, Evgeny"]
[Black "Steinke, Ruediger"]
[Result "1/2-1/2"]
[WhiteElo "2481"]
[BlackElo "2422"]
[PlyCount "45"]
[EventDate "2021.10.23"]
[EventType "tourn (corr)"]
[EventRounds "10"]
[EventCountry "GER"]
[SourceTitle "Corr 2024"]
[Source "ChessBase"]
[SourceDate "2023.10.19"]
[SourceVersion "1"]
[SourceVersionDate "2023.10.19"]
[SourceQuality "1"]

1. e4 e5 2. Nf3 Nc6 3. Bb5 Nf6 4. d3 Bc5 5. c3 0-0 6. 0-0 d6 7. Nbd2 Ne7 8. Re1 c6 9. Ba4 Bb6 10. h3 Ng6 11. Bc2 Re8 12. a4 Bc7 13. d4 h6 14. b4 Be6 15. a5 b6 16. Nb3 exd4 17. Nbxd4 Bd7 18. Nf5 d5 19. exd5 Nxd5 20. axb6 axb6 21. Rxa8 Rxe1+ 22. Qxe1 Qxa8 23. Bd2 1/2-1/2

[Event "ST-2021-0-00202"]
[Site "LSS email"]
[Date "2021.10.18"]
[Round "?"]
[White "Sorcinelli, Andrea"]
[Black "Steinke, Ruediger"]
[Result "1/2-1/2"]
[WhiteElo "2368"]
[BlackElo "2422"]
[PlyCount "48"]
[EventDate "2021.08.29"]
[EventType "tourn (corr)"]
[EventRounds "6"]
[EventCountry "GER"]
[SourceTitle "Corr 2024"]
[Source "ChessBase"]
[SourceDate "2023.10.19"]
[SourceVersion "1"]
[SourceVersionDate "2023.10.19"]
[SourceQuality "1"]

1. e4 e5 2. Nf3 Nc6 3. Bb5 Nf6 4. d3 Bc5 5. Bxc6 dxc6 6. 0-0 Nd7 7. Nbd2 0-0 8. Nc4 f6 9. c3 Re8 10. d4 exd4 11. cxd4 Bf8 12. Qb3 Kh8 13. Re1 Nb6 14. Na5 Rb8 15. h3 Be6 16. Qc3 Qd6 17. Bd2 Bf7 18. b3 Kg8 19. e5 Qd7 20. exf6 Nd5 21. Qd3 gxf6 22. Nh4 b6 23. Nc4 Rxe1+ 24. Rxe1 Re8 1/2-1/2

[Event "ST-2021-0-00202"]
[Site "LSS email"]
[Date "2021.10.18"]
[Round "?"]
[White "Steinke, Ruediger"]
[Black "Enev, Zlatko"]
[Result "1/2-1/2"]
[WhiteElo "2422"]
[BlackElo "2381"]
[PlyCount "41"]
[EventDate "2021.08.29"]
[EventType "tourn (corr)"]
[EventRounds "6"]
[EventCountry "GER"]
[SourceTitle "Corr 2024"]
[Source "ChessBase"]
[SourceDate "2023.10.19"]
[SourceVersion "1"]
[SourceVersionDate "2023.10.19"]
[SourceQuality "1"]

1. d4 Nf6 2. Nf3 g6 3. c4 Bg7 4. g3 c6 5. Bg2 d5 6. b3 0-0 7. 0-0 dxc4 8. bxc4 c5 9. Bb2 Qb6 10. Qb3 Ne4 11. e3 Rd8 12. Ne5 cxd4 13. Bxd4 Nc5 14. Qa3 Bxe5 15. Bxe5 Nc6 16. Bc3 Bf5 17. Nd2 a5 18. Rfd1 Rd3 19. Bf1 Rd7 20. Nf3 Ne4 21. Rxd7 1/2-1/2

[Event "ST-2021-0-00202"]
[Site "LSS email"]
[Date "2021.10.18"]
[Round "?"]
[White "Steinke, Ruediger"]
[Black "Willmann, Bernd"]
[Result "1/2-1/2"]
[WhiteElo "2422"]
[BlackElo "2357"]
[PlyCount "37"]
[EventDate "2021.08.29"]
[EventType "tourn (corr)"]
[EventRounds "6"]
[EventCountry "GER"]
[SourceTitle "Corr 2024"]
[Source "ChessBase"]
[SourceDate "2023.10.19"]
[SourceVersion "1"]
[SourceVersionDate "2023.10.19"]
[SourceQuality "1"]

1. d4 Nf6 2. c4 e6 3. Nf3 d5 4. Nc3 Bb4 5. Bg5 h6 6. Bxf6 Qxf6 7. e3 0-0 8. Rc1 dxc4 9. Bxc4 c5 10. 0-0 cxd4 11. Ne4 Qe7 12. exd4 Rd8 13. Qc2 Nc6 14. Rfd1 Bd6 15. Nxd6 Rxd6 16. a3 Bd7 17. b4 Rc8 18. Qe4 a6 19. Bd3 1/2-1/2

[Event "ZH-2021-0-01932"]
[Site "LSS email"]
[Date "2021.04.14"]
[Round "?"]
[White "Steinke, Ruediger"]
[Black "Buecker, Juergen"]
[Result "1/2-1/2"]
[WhiteElo "2406"]
[BlackElo "2434"]
[PlyCount "66"]
[EventDate "2021.04.08"]
[EventType "match (corr)"]
[EventRounds "2"]
[EventCountry "GER"]
[SourceTitle "Corr 2022"]
[Source "ChessBase"]
[SourceDate "2021.10.24"]
[SourceVersion "1"]
[SourceVersionDate "2021.10.24"]
[SourceQuality "1"]

1. d4 d5 2. Nf3 Nf6 3. c4 e6 4. Nc3 c6 5. Bg5 h6 6. Bh4 dxc4 7. e4 g5 8. Bg3 b5 9. Be2 Bb7 10. 0-0 Nbd7 11. Ne5 Bg7 12. Nxd7 Nxd7 13. Bd6 a6 14. e5 c5 15. d5 Nxe5 16. dxe6 Nd3 17. exf7+ Kxf7 18. Bxd3 cxd3 19. Qxd3 Qf6 20. Qg3 c4 21. f4 Kg8 22. Rad1 Re8 23. a3 Kh7 24. Be5 Qb6+ 25. Kh1 Bxe5 26. fxe5 Rhf8 27. h3 Rxf1+ 28. Rxf1 Kg7 29. Re1 Re6 30. Kh2 Qc7 31. Re2 Qf7 32. Rf2 Qe7 33. Re2 Qf7 1/2-1/2

[Event "WC-2021-S-00001"]
[Site "LSS email"]
[Date "2021.04.03"]
[Round "?"]
[White "Steinke, Ruediger"]
[Black "Welle, Bernd"]
[Result "1/2-1/2"]
[WhiteElo "2408"]
[BlackElo "2469"]
[PlyCount "41"]
[EventDate "2021.04.03"]
[EventType "tourn (corr)"]
[EventRounds "6"]
[EventCountry "GER"]
[SourceTitle "Corr 2024"]
[Source "ChessBase"]
[SourceDate "2023.10.19"]
[SourceVersion "1"]
[SourceVersionDate "2023.10.19"]
[SourceQuality "1"]

1. d4 Nf6 2. c4 e6 3. Nf3 d5 4. Nc3 c6 5. Bg5 h6 6. Bh4 dxc4 7. e4 g5 8. Bg3 b5 9. Be2 Bb7 10. 0-0 Nbd7 11. Ne5 Bg7 12. Nxd7 Nxd7 13. Bd6 a6 14. e5 c5 15. d5 Nxe5 16. dxe6 Nd3 17. exf7+ Kxf7 18. Bxd3 cxd3 19. Qxd3 Qf6 20. Qg3 Rhd8 21. Bxc5 1/2-1/2

[Event "ST-2021-0-00178"]
[Site "LSS email"]
[Date "2021.01.11"]
[Round "?"]
[White "Steinke, Ruediger"]
[Black "Szczepanski, Zbigniew"]
[Result "1/2-1/2"]
[WhiteElo "2387"]
[BlackElo "2410"]
[PlyCount "51"]
[EventDate "2020.12.27"]
[EventType "tourn (corr)"]
[EventRounds "6"]
[EventCountry "GER"]
[SourceTitle "Corr 2024"]
[Source "ChessBase"]
[SourceDate "2023.10.19"]
[SourceVersion "1"]
[SourceVersionDate "2023.10.19"]
[SourceQuality "1"]

1. e4 e5 2. Nf3 Nc6 3. Bc4 Bc5 4. c3 Nf6 5. d3 0-0 6. 0-0 d6 7. Bb3 a5 8. h3 h6 9. Nbd2 Be6 10. Re1 Bxb3 11. Qxb3 a4 12. Qc2 d5 13. Nf1 Qd7 14. Be3 Bd6 15. Ng3 Rfe8 16. Rad1 b6 17. Bc1 dxe4 18. dxe4 Qe6 19. Nf5 Bf8 20. b4 axb3 21. axb3 Ra7 22. Bb2 Ra2 23. Ra1 Rea8 24. Rxa2 Rxa2 25. Ra1 Rxa1+ 26. Bxa1 1/2-1/2

[Event "ST-2020-0-00173"]
[Site "LSS email"]
[Date "2020.12.03"]
[Round "?"]
[White "Muniz, Alberto"]
[Black "Steinke, Ruediger"]
[Result "1/2-1/2"]
[WhiteElo "2363"]
[BlackElo "2387"]
[PlyCount "38"]
[EventDate "2020.11.15"]
[EventType "tourn (corr)"]
[EventRounds "6"]
[EventCountry "GER"]
[SourceTitle "Corr 2024"]
[Source "ChessBase"]
[SourceDate "2023.10.19"]
[SourceVersion "1"]
[SourceVersionDate "2023.10.19"]
[SourceQuality "1"]

1. e4 c5 2. Nf3 d6 3. d4 cxd4 4. Nxd4 Nf6 5. Nc3 a6 6. Be3 e5 7. Nb3 Be6 8. Qf3 Be7 9. h3 0-0 10. g4 a5 11. Bb5 Na6 12. 0-0-0 Nc7 13. Bb6 Nd7 14. Bxc7 Qxc7 15. Kb1 Rfc8 16. a4 Bc4 17. Bxc4 Qxc4 18. Qd3 Nb6 19. Qxc4 Rxc4 1/2-1/2

[Event "ST-2020-0-00173"]
[Site "LSS email"]
[Date "2020.12.03"]
[Round "?"]
[White "Steinke, Ruediger"]
[Black "Ludgate, Alan"]
[Result "1/2-1/2"]
[WhiteElo "2387"]
[BlackElo "2474"]
[PlyCount "31"]
[EventDate "2020.11.15"]
[EventType "tourn (corr)"]
[EventRounds "6"]
[EventCountry "GER"]
[SourceTitle "Corr 2024"]
[Source "ChessBase"]
[SourceDate "2023.10.19"]
[SourceVersion "1"]
[SourceVersionDate "2023.10.19"]
[SourceQuality "1"]

1. e4 e5 2. Nf3 Nf6 3. Nxe5 d6 4. Nf3 Nxe4 5. Nc3 Nxc3 6. dxc3 Be7 7. Be3 Nc6 8. Qd2 Be6 9. 0-0-0 Qd7 10. Kb1 Bf6 11. h3 0-0-0 12. Nd4 Nxd4 13. Bxd4 Be5 14. Be2 g6 15. Bxe5 dxe5 16. Qe3 1/2-1/2

[Event "ST-2020-0-00171"]
[Site "LSS email"]
[Date "2020.11.16"]
[Round "?"]
[White "Steinke, Ruediger"]
[Black "Willmann, Bernd"]
[Result "1/2-1/2"]
[WhiteElo "2391"]
[BlackElo "2366"]
[PlyCount "37"]
[EventDate "2020.10.23"]
[EventType "tourn (corr)"]
[EventRounds "6"]
[EventCountry "GER"]
[SourceTitle "Corr 2024"]
[Source "ChessBase"]
[SourceDate "2023.10.19"]
[SourceVersion "1"]
[SourceVersionDate "2023.10.19"]
[SourceQuality "1"]

1. e4 c5 2. Nf3 d6 3. d4 cxd4 4. Nxd4 Nf6 5. Nc3 a6 6. Be3 e5 7. Nb3 Be7 8. f3 Be6 9. Qd2 Nbd7 10. g4 0-0 11. 0-0-0 b5 12. g5 Nh5 13. Kb1 Nb6 14. Nd5 Nxd5 15. exd5 Bf5 16. Na5 Qd7 17. Nc6 f6 18. h4 Rae8 19. Rh2 1/2-1/2

[Event "ST-2020-0-00171"]
[Site "LSS email"]
[Date "2020.11.16"]
[Round "?"]
[White "Wosch, Arkadiusz"]
[Black "Steinke, Ruediger"]
[Result "1/2-1/2"]
[WhiteElo "2334"]
[BlackElo "2391"]
[PlyCount "77"]
[EventDate "2020.10.23"]
[EventType "tourn (corr)"]
[EventRounds "6"]
[EventCountry "GER"]
[SourceTitle "Corr 2024"]
[Source "ChessBase"]
[SourceDate "2023.10.19"]
[SourceVersion "1"]
[SourceVersionDate "2023.10.19"]
[SourceQuality "1"]

1. e4 e6 2. d4 d5 3. Nc3 Bb4 4. e5 c5 5. a3 Bxc3+ 6. bxc3 Qa5 7. Bd2 Qa4 8. Qb1 c4 9. Ne2 Nc6 10. Nf4 Bd7 11. Qd1 0-0-0 12. g3 Kb8 13. Bh3 Nge7 14. 0-0 Rhg8 15. Bg2 Rdf8 16. Nh5 Ka8 17. h4 Nf5 18. Re1 h6 19. Qb1 Qa5 20. Qc1 Nce7 21. a4 Rc8 22. Qd1 Rc6 23. Bh3 Ng6 24. Qf3 Ra6 25. Bc1 Nxd4 26. Qxf7 Rf8 27. Qxg6 Nf3+ 28. Kf1 Nxe1 29. Qxg7 Rd8 30. Qe7 Rb8 31. Qxd7 Nxc2 32. Rb1 Qxc3 33. Kg1 Qe1+ 34. Kg2 Qe4+ 35. Kg1 Ne1 36. Rxb7 Nf3+ 37. Kf1 Nh2+ 38. Kg1 Nf3+ 39. Kf1 1/2-1/2

[Event "ST-2020-0-00166"]
[Site "LSS email"]
[Date "2020.09.28"]
[Round "?"]
[White "Khorunzhy, Mikhail"]
[Black "Steinke, Ruediger"]
[Result "1/2-1/2"]
[WhiteElo "2387"]
[BlackElo "2391"]
[PlyCount "39"]
[EventDate "2020.09.09"]
[EventType "tourn (corr)"]
[EventRounds "6"]
[EventCountry "GER"]
[SourceTitle "Corr 2022"]
[Source "ChessBase"]
[SourceDate "2021.10.24"]
[SourceVersion "1"]
[SourceVersionDate "2021.10.24"]
[SourceQuality "1"]

1. e4 e6 2. d4 d5 3. Nd2 dxe4 4. Nxe4 Nd7 5. Nf3 Ngf6 6. Nxf6+ Nxf6 7. c3 c5 8. Be3 Qc7 9. Bb5+ Bd7 10. Bxd7+ Nxd7 11. d5 exd5 12. Qxd5 Nf6 13. Qf5 Rd8 14. 0-0 Be7 15. Rfe1 0-0 16. Bf4 Bd6 17. Bg5 Be7 18. Bf4 Bd6 19. Bg5 Be7 20. Bf4 1/2-1/2

[Event "ST-2020-0-00164"]
[Site "LSS email"]
[Date "2020.09.21"]
[Round "?"]
[White "Corti, Horacio"]
[Black "Steinke, Ruediger"]
[Result "1/2-1/2"]
[WhiteElo "2305"]
[BlackElo "2391"]
[PlyCount "95"]
[EventDate "2020.09.08"]
[EventType "tourn (corr)"]
[EventRounds "6"]
[EventCountry "GER"]
[SourceTitle "Corr 2022"]
[Source "ChessBase"]
[SourceDate "2021.10.24"]
[SourceVersion "1"]
[SourceVersionDate "2021.10.24"]
[SourceQuality "1"]

1. e4 e5 2. Nf3 Nc6 3. Bb5 a6 4. Ba4 Nf6 5. 0-0 Be7 6. Re1 b5 7. Bb3 0-0 8. c3 d6 9. h3 Bb7 10. d4 Re8 11. Nbd2 Bf8 12. Bc2 g6 13. d5 Nb8 14. b3 c6 15. c4 Qc7 16. Nf1 Rc8 17. Bg5 Nbd7 18. Rc1 Qd8 19. Ng3 bxc4 20. bxc4 cxd5 21. cxd5 a5 22. Bd3 Nc5 23. Bc4 Be7 24. Qe2 h5 25. Rc2 a4 26. Rd1 Nfd7 27. Bh6 Kh7 28. Bd2 Kg7 29. Nf1 Ba6 30. Ne3 Qb6 31. Bxa6 Qxa6 32. Nc4 Ra7 33. Kh2 Rac7 34. Rb1 Nf6 35. Ng5 Ncd7 36. Be3 Rxc4 37. a3 Ng8 38. Nf3 Nb8 39. Rxb8 Rxb8 40. Qxc4 Qxc4 41. Rxc4 f5 42. Rxa4 fxe4 43. Nd2 Nf6 44. Ra5 Rc8 45. a4 Rc2 46. Rb5 Ra2 47. a5 Ra4 48. Nb1 1/2-1/2

[Event "ST-2020-0-00164"]
[Site "LSS email"]
[Date "2020.09.21"]
[Round "?"]
[White "Steinke, Ruediger"]
[Black "Canizares Cuadra, Pedro"]
[Result "1/2-1/2"]
[WhiteElo "2391"]
[BlackElo "2351"]
[PlyCount "46"]
[EventDate "2020.09.08"]
[EventType "tourn (corr)"]
[EventRounds "6"]
[EventCountry "GER"]
[SourceTitle "Corr 2022"]
[Source "ChessBase"]
[SourceDate "2021.10.24"]
[SourceVersion "1"]
[SourceVersionDate "2021.10.24"]
[SourceQuality "1"]

1. d4 Nf6 2. c4 e6 3. Nc3 Bb4 4. Qc2 0-0 5. a3 Bxc3+ 6. Qxc3 b6 7. Bg5 Bb7 8. e3 d6 9. Ne2 Nbd7 10. Qc2 c5 11. Rd1 Qe7 12. Nc3 cxd4 13. Rxd4 Rfd8 14. f3 d5 15. cxd5 exd5 16. Nxd5 Bxd5 17. Rxd5 Rac8 18. Qd2 Nc5 19. Bc4 b5 20. Rxd8+ Rxd8 21. Bd5 Rxd5 22. Qxd5 Nxd5 23. Bxe7 Nxe7 1/2-1/2

[Event "ST-2020-0-00164"]
[Site "LSS email"]
[Date "2020.09.21"]
[Round "?"]
[White "Steinke, Ruediger"]
[Black "Szczepanski, Zbigniew"]
[Result "1/2-1/2"]
[WhiteElo "2391"]
[BlackElo "2417"]
[PlyCount "36"]
[EventDate "2020.09.08"]
[EventType "tourn (corr)"]
[EventRounds "6"]
[EventCountry "GER"]
[SourceTitle "Corr 2022"]
[Source "ChessBase"]
[SourceDate "2021.10.24"]
[SourceVersion "1"]
[SourceVersionDate "2021.10.24"]
[SourceQuality "1"]

1. d4 d5 2. Nf3 Nf6 3. c4 dxc4 4. e3 a6 5. Bxc4 c5 6. 0-0 e6 7. b3 Nbd7 8. Bb2 b5 9. Be2 Bb7 10. Nbd2 Be7 11. a4 b4 12. Rc1 Rc8 13. Nc4 0-0 14. Nfe5 cxd4 15. Nxd7 Nxd7 16. Bxd4 a5 17. Qd3 Nc5 18. Qb1 Bf6 1/2-1/2

[Event "ST-2020-0-00164"]
[Site "LSS email"]
[Date "2020.09.21"]
[Round "?"]
[White "Wosch, Arkadiusz Janusz"]
[Black "Steinke, Ruediger"]
[Result "1/2-1/2"]
[WhiteElo "2378"]
[BlackElo "2391"]
[PlyCount "64"]
[EventDate "2020.09.08"]
[EventType "tourn (corr)"]
[EventRounds "6"]
[EventCountry "GER"]
[SourceTitle "Corr 2022"]
[Source "ChessBase"]
[SourceDate "2021.10.24"]
[SourceVersion "1"]
[SourceVersionDate "2021.10.24"]
[SourceQuality "1"]

1. d4 Nf6 2. c4 e6 3. Nf3 d5 4. Nc3 c6 5. e3 Nbd7 6. Qc2 Bd6 7. Bd3 0-0 8. 0-0 dxc4 9. Bxc4 a6 10. Rd1 b5 11. Bd3 h6 12. e4 e5 13. a4 Bb7 14. Ne2 Re8 15. dxe5 Nxe5 16. Nxe5 Bxe5 17. h3 Rc8 18. f4 Bb8 19. e5 Nd5 20. Ng3 Qb6+ 21. Kh2 Nb4 22. Qe2 Nxd3 23. Rxd3 c5 24. axb5 axb5 25. Nf5 Qg6 26. Qg4 Qxg4 27. hxg4 c4 28. Rd4 c3 29. bxc3 Rxc3 30. Bd2 Rc4 31. Rxc4 bxc4 32. Rb1 Be4 1/2-1/2

[Event "ST-2020-0-00163"]
[Site "LSS email"]
[Date "2020.09.13"]
[Round "?"]
[White "Lotz, Bernhard"]
[Black "Steinke, Ruediger"]
[Result "1/2-1/2"]
[WhiteElo "2431"]
[BlackElo "2387"]
[PlyCount "85"]
[EventDate "2020.09.05"]
[EventType "tourn (corr)"]
[EventRounds "6"]
[EventCountry "GER"]
[SourceTitle "Corr 2024"]
[Source "ChessBase"]
[SourceDate "2023.10.19"]
[SourceVersion "1"]
[SourceVersionDate "2023.10.19"]
[SourceQuality "1"]

1. d4 d5 2. Nf3 Nf6 3. c4 e6 4. Nc3 c6 5. e3 Nbd7 6. Bd3 dxc4 7. Bxc4 b5 8. Bd3 Bb7 9. 0-0 a6 10. e4 c5 11. d5 Qc7 12. Qe2 c4 13. Bc2 Bd6 14. Re1 Ne5 15. Nxe5 Bxe5 16. f4 Bd4+ 17. Kh1 e5 18. Qf3 0-0 19. Ne2 Ne8 20. Nxd4 exd4 21. f5 d3 22. Bd1 Nf6 23. Bf4 Qe7 24. Qe3 Qb4 25. Qd2 Qxd2 26. Bxd2 g6 27. Bc3 Nd7 28. f6 Rfe8 29. Bf3 a5 30. Kg1 b4 31. Bd4 Rac8 32. Rad1 h5 33. Kf2 Nc5 34. Re3 Red8 35. g4 Nxe4+ 36. Bxe4 Bxd5 37. Bb6 Rd6 38. Bxd5 Rxd5 39. b3 Rd6 40. Bxa5 Ra6 41. Bxb4 Rxa2+ 42. Kg3 cxb3 43. Rexd3 1/2-1/2

[Event "ST-2020-0-00160"]
[Site "LSS email"]
[Date "2020.09.02"]
[Round "?"]
[White "Steinke, Ruediger"]
[Black "Bernal Varela, Nelson"]
[Result "1/2-1/2"]
[WhiteElo "2386"]
[BlackElo "2408"]
[PlyCount "64"]
[EventDate "2020.08.12"]
[EventType "tourn (corr)"]
[EventRounds "6"]
[EventCountry "GER"]
[SourceTitle "Corr 2024"]
[Source "ChessBase"]
[SourceDate "2023.10.19"]
[SourceVersion "1"]
[SourceVersionDate "2023.10.19"]
[SourceQuality "1"]

1. e4 e6 2. d4 d5 3. Nc3 Nf6 4. e5 Nfd7 5. f4 c5 6. Nf3 cxd4 7. Nxd4 Nc6 8. Be3 Qb6 9. Qd2 Qxb2 10. Rb1 Qa3 11. Bb5 Nxd4 12. Bxd4 a6 13. Bxd7+ Bxd7 14. Rb3 Qe7 15. Rxb7 Rc8 16. 0-0 Qd8 17. Qf2 Rxc3 18. Bxc3 Qc8 19. Rb3 Ba4 20. Bd4 Bxb3 21. axb3 Be7 22. c3 0-0 23. b4 f6 24. Qe3 Qc6 25. Re1 fxe5 26. Qxe5 Bf6 27. Qxe6+ Qxe6 28. Rxe6 Bxd4+ 29. cxd4 Rxf4 30. Rxa6 Rxd4 31. Rd6 Rxb4 32. Rxd5 Ra4 1/2-1/2

[Event "ST-2020-0-00160"]
[Site "LSS email"]
[Date "2020.09.02"]
[Round "?"]
[White "Steinke, Ruediger"]
[Black "Szczepanski, Zbigniew"]
[Result "1/2-1/2"]
[WhiteElo "2386"]
[BlackElo "2421"]
[PlyCount "31"]
[EventDate "2020.08.12"]
[EventType "tourn (corr)"]
[EventRounds "6"]
[EventCountry "GER"]
[SourceTitle "Corr 2024"]
[Source "ChessBase"]
[SourceDate "2023.10.19"]
[SourceVersion "1"]
[SourceVersionDate "2023.10.19"]
[SourceQuality "1"]

1. e4 e5 2. Nf3 Nc6 3. Bb5 Nf6 4. 0-0 Nxe4 5. Re1 Nd6 6. Nxe5 Be7 7. Bf1 Nxe5 8. Rxe5 0-0 9. d4 Bf6 10. Re1 Re8 11. c3 Rxe1 12. Qxe1 Ne8 13. Bf4 d5 14. Bd3 c6 15. Nd2 g6 16. Nf3 1/2-1/2

[Event "ST-2020-0-00161"]
[Site "LSS email"]
[Date "2020.08.31"]
[Round "?"]
[White "Steinke, Ruediger"]
[Black "Wosch, Arkadiusz"]
[Result "1/2-1/2"]
[WhiteElo "2386"]
[BlackElo "2379"]
[PlyCount "53"]
[EventDate "2020.08.18"]
[EventType "tourn (corr)"]
[EventRounds "6"]
[EventCountry "GER"]
[SourceTitle "Corr 2024"]
[Source "ChessBase"]
[SourceDate "2023.10.19"]
[SourceVersion "1"]
[SourceVersionDate "2023.10.19"]
[SourceQuality "1"]

1. e4 c5 2. Nf3 Nc6 3. Bb5 g6 4. 0-0 Bg7 5. Re1 Nf6 6. c3 0-0 7. h3 e5 8. d3 d6 9. Be3 Qc7 10. Nbd2 a6 11. Ba4 b5 12. Bc2 Bb7 13. Rc1 Rac8 14. a3 Nd8 15. b4 c4 16. d4 d5 17. dxe5 Nxe4 18. Bd4 Bh6 19. Nxe4 dxe4 20. Bxe4 Bxc1 21. Qxc1 Bxe4 22. Rxe4 Ne6 23. Qh6 Rce8 24. Ng5 Nxg5 25. Qxg5 Re6 26. f3 Rfe8 27. Qe3 1/2-1/2

[Event "ST-2020-0-00162"]
[Site "LSS email"]
[Date "2020.08.31"]
[Round "?"]
[White "Steinke, Ruediger"]
[Black "Wosch, Arkadiusz"]
[Result "1/2-1/2"]
[WhiteElo "2386"]
[BlackElo "2379"]
[PlyCount "54"]
[EventDate "2020.08.21"]
[EventType "tourn (corr)"]
[EventRounds "6"]
[EventCountry "GER"]
[SourceTitle "Corr 2024"]
[Source "ChessBase"]
[SourceDate "2023.10.19"]
[SourceVersion "1"]
[SourceVersionDate "2023.10.19"]
[SourceQuality "1"]

1. e4 c5 2. Nf3 Nc6 3. d4 cxd4 4. Nxd4 Nf6 5. Nc3 d6 6. Bg5 e6 7. Qd2 a6 8. 0-0-0 Bd7 9. f3 Be7 10. Be3 h5 11. Kb1 b5 12. Nxc6 Bxc6 13. Ne2 Rc8 14. Nd4 Bb7 15. h4 Nd7 16. Bg5 0-0 17. Ne2 Nc5 18. Bxe7 Qxe7 19. Qxd6 Qf6 20. Qf4 Rfd8 21. Re1 Qe7 22. Nc1 e5 23. Qe3 b4 24. Rg1 Ne6 25. g4 hxg4 26. Rxg4 a5 27. Bb5 Qc7 1/2-1/2

[Event "ST-2020-0-00159"]
[Site "LSS email"]
[Date "2020.08.30"]
[Round "?"]
[White "Steinke, Ruediger"]
[Black "Willmann, Bernd"]
[Result "1/2-1/2"]
[WhiteElo "2386"]
[BlackElo "2382"]
[PlyCount "36"]
[EventDate "2020.08.07"]
[EventType "tourn (corr)"]
[EventRounds "6"]
[EventCountry "GER"]
[SourceTitle "Corr 2022"]
[Source "ChessBase"]
[SourceDate "2021.10.24"]
[SourceVersion "1"]
[SourceVersionDate "2021.10.24"]
[SourceQuality "1"]

1. e4 c5 2. Nf3 d6 3. d4 cxd4 4. Nxd4 Nf6 5. Nc3 a6 6. Bg5 e6 7. f4 Qb6 8. Qd2 Qxb2 9. Rb1 Qa3 10. e5 dxe5 11. fxe5 Nfd7 12. Ne4 h6 13. Bh4 Qxa2 14. Rd1 Qd5 15. Qe3 Qxe5 16. Be2 Bc5 17. Bg3 Bxd4 18. Rxd4 Qa5+ 1/2-1/2

[Event "ST-2020-0-00162"]
[Site "LSS email"]
[Date "2020.08.27"]
[Round "?"]
[White "Nichols, Scott"]
[Black "Steinke, Ruediger"]
[Result "1/2-1/2"]
[WhiteElo "2386"]
[BlackElo "2386"]
[PlyCount "61"]
[EventDate "2020.08.21"]
[EventType "tourn (corr)"]
[EventRounds "6"]
[EventCountry "GER"]
[SourceTitle "Corr 2024"]
[Source "ChessBase"]
[SourceDate "2023.10.19"]
[SourceVersion "1"]
[SourceVersionDate "2023.10.19"]
[SourceQuality "1"]

1. d4 Nf6 2. c4 e6 3. Nf3 d5 4. Nc3 c6 5. e3 Nbd7 6. Be2 Bd6 7. Qc2 0-0 8. 0-0 dxc4 9. Bxc4 b5 10. Bd3 Bb7 11. a3 a5 12. e4 e5 13. dxe5 Nxe5 14. Nxe5 Bxe5 15. h3 Ba6 16. Rd1 Qe7 17. Be3 b4 18. axb4 Bxd3 19. Rxd3 axb4 20. Rxa8 Rxa8 21. Na4 Qe8 22. Nc5 Ra1+ 23. Bc1 Bc7 24. Kf1 Ra8 25. Be3 h6 26. Rd4 Ra1+ 27. Ke2 Rg1 28. Nd7 Qe6 29. Nxf6+ Qxf6 30. Rc4 b3 31. Qxb3 1/2-1/2

[Event "ST-2020-0-00161"]
[Site "LSS email"]
[Date "2020.08.27"]
[Round "?"]
[White "Steinke, Ruediger"]
[Black "Nichols, Scott"]
[Result "1/2-1/2"]
[WhiteElo "2386"]
[BlackElo "2386"]
[PlyCount "44"]
[EventDate "2020.08.18"]
[EventType "tourn (corr)"]
[EventRounds "6"]
[EventCountry "GER"]
[SourceTitle "Corr 2024"]
[Source "ChessBase"]
[SourceDate "2023.10.19"]
[SourceVersion "1"]
[SourceVersionDate "2023.10.19"]
[SourceQuality "1"]

1. e4 e5 2. Nf3 Nc6 3. Bb5 Nf6 4. 0-0 Nxe4 5. Re1 Nd6 6. Nxe5 Be7 7. Bf1 Nxe5 8. Rxe5 0-0 9. d4 Ne8 10. d5 Bc5 11. Re1 d6 12. Nc3 Bf5 13. Bd3 Bxd3 14. Qxd3 Nf6 15. h3 a5 16. Be3 Bxe3 17. Rxe3 Qd7 18. Rae1 Rfe8 19. Rxe8+ Rxe8 20. Rxe8+ Qxe8 21. g3 Qe1+ 22. Kg2 h5 1/2-1/2

[Event "ST-2020-0-00161"]
[Site "LSS email"]
[Date "2020.08.26"]
[Round "?"]
[White "Koch, Christian"]
[Black "Steinke, Ruediger"]
[Result "1/2-1/2"]
[WhiteElo "2353"]
[BlackElo "2386"]
[PlyCount "59"]
[EventDate "2020.08.18"]
[EventType "tourn (corr)"]
[EventRounds "6"]
[EventCountry "GER"]
[SourceTitle "Corr 2024"]
[Source "ChessBase"]
[SourceDate "2023.10.19"]
[SourceVersion "1"]
[SourceVersionDate "2023.10.19"]
[SourceQuality "1"]

1. e4 e5 2. Nf3 Nc6 3. Bb5 a6 4. Ba4 Nf6 5. 0-0 Be7 6. Re1 b5 7. Bb3 d6 8. c3 0-0 9. h3 Bb7 10. d4 Re8 11. Nbd2 Bf8 12. a3 h6 13. Bc2 Nb8 14. b3 Nbd7 15. Bb2 c6 16. Bd3 Nh5 17. g3 g6 18. a4 Bg7 19. Qc2 Qb6 20. Bf1 Rac8 21. Rad1 d5 22. b4 Qc7 23. Bg2 Nhf6 24. Nxe5 Nxe5 25. dxe5 Nxe4 26. Bxe4 dxe4 27. Nxe4 c5 28. Nxc5 Bxe5 29. Nxb7 Qxb7 30. axb5 1/2-1/2